Lo que el arte aporta a la sociología (Registro nro. 182482)

Detalles MARC
000 -ENCABEZADO
Número de control [NR] 00851 a2200241 4500
005 - FECHA Y HORA DE LA ÚLTIMA TRANSACCIÓN
control field 20140908093614.0
008 - DE LONGITUD FIJA DE DATOS DE ELEMENTOS - INFORMACIÓN GENERAL
Elementos de longitud fija [NR] 131203s2001 mx ||||fr|||| 00| 0 spa d
020 ## - NUMERO INTERNACIONAL NORMALIZADO PARA LIBROS [R]
Número Internacional Normalizado del libro [NR] 9701851897
020 ## - NUMERO INTERNACIONAL NORMALIZADO PARA LIBROS [R]
Número Internacional Normalizado del libro [NR] 9789701851890
040 ## - FUENTE DE CATALOGACION [NR]
Agencia de catalogación original [NR] COo-BoUCM
Idioma de catalogación [NR] spa
Quien Cataloga Jose A. Gerena
Quien Clasifica Diana Londoño
041 00 - CODIGO DE IDIOMA [R]
Código de idioma para texto/pista de sonido o título separado [R] Español
100 1# - ASIENTO PRINCIPAL--NOMBRE PERSONAL [NR]
Nombre personal [NR] Heinich, Nathalie
ID Autoridad 50804
245 13 - MENCION DE TITULO [NR]
Título [NR] Lo que el arte aporta a la sociología
Mención de responsabilidad, etc. [NR] Nathalie Heinich ; traducción de Hilda Trujillo Soto
260 ## - PUBLICACION, DISTRIBUCION, ETC. (PIE DE IMPRENTA) [R]
Fecha de publicación, distribución, etc. [R] 2001
Nombre del editor, distribuidor, etc. [R] Conaculta
-- Sello bermejo
Lugar de publicación, distribución, etc. [R] México D.F. (México)
300 ## - DESCRIPCION FISICA [R]
Extensión [R] 75 páginas
504 ## - NOTA DE BIBLIOGRAFIA, ETC. [R]
Nota de bibliografía, etc. [NR] Incluye referencias bibliográficas
650 #7 - ASIENTO SECUNDARIO DE MATERIA - TERMINO TEMATICO [R]
9 (RLIN) 9532
Término temático o nombre geográfico como elemento de entrada [NR] Arte y sociedad
690 ## - ASUNTO AGREGADO LOCAL DE ENTRADA - TÉRMINO TEMÁTICO (OCLC, RLIN)
Acceso temático local Sociología
700 1# - ASIENTO SECUNDARIO - NOMBRE PERSONAL [R]
Nombre personal [NR] Trujillo Soto, Hilda
Término de relación [R] traductor
9 (RLIN) 51960
765 1# - ASIENTO DE IDIOMA ORIGINAL [R]
Título [NR] Ce que l'art fait á la sociologie
942 ## - ELEMENTOS DE ENTRADA AGREGADOS (KOHA)
Tema principal Sociología
Tipo de ítem principal el descrito en 300a Libro
Edición 1
Parte restante de la signatura top. H468
Sistema de clasificación DEWEY
Clasificación 306.47
Existencias
Fecha de último préstamo Total préstamos Total Renewals Signatura topográfica Código de barras Última vez visto Ejemplar Costo de reposición Price effective from Tipo de ítem Perdido Sistema de clasificación Dañado No prestable Tipo de ítem específico Suprimido Ubicación habitual Ubicación actual Localización Fecha de creación Proveedor Forma de adquisición Costo
21/02/2019 2 4 306.47 H468 100139067 09/12/2025 Ej.1 43300.00 15/11/2013 Libro   DEWEY     Libro   Claustro Claustro 2do piso 15/11/2013 37 Compra 43300.00